000
00281nam a2200121Ia 4500
008
191201s1994 xx 000 0 und d
100
_a
LYNCH,Peter
245
0
_a
Beating the Street
260
_a
New Delhi
_b
Simon& Schuster
_c
1994
300
_a
332
650
_a
NCFM
942
_2
ddc
_c
BK
999
_c
749
_d
749